Základné aspekty organizačného správania v podnikovej praxi

Salvato in:
Dettagli Bibliografici
Autore principale: Antošová, Mária, 1965-
Altri autori: Csikósová, Adriana, Seňová, Andrea
Natura: Capitolo di libro
Lingua:slovacco
Tags: Aggiungi Tag
Nessun Tag, puoi essere il primo ad aggiungerne!!

MARC

LEADER 00000naa$a2200000$$$4500
001 0312008
005 20250902105833.1
041 0 |a slo 
044 |a SK 
245 1 0 |a Základné aspekty organizačného správania v podnikovej praxi  |c Mária Antošová, Adriana Csikósová, Andrea Seňová 
100 1 |a Antošová, Mária, 1965- 
700 1 |a Csikósová, Adriana 
700 1 |a Seňová, Andrea